[Event "Budapest Karacsonyi op 3rd"]
[Site "Budapest"]
[Date "2011.12.29"]
[Round "5"]
[White "Konya, Balazs"]
[Black "Gruz, Janos"]
[Result "1-0"]
[WhiteElo "2004"]
[BlackElo "1865"]
[PlyCount "79"]
[EventDate "2011.12.27"]
[EventType "swiss"]
[EventRounds "7"]
[EventCountry "HUN"]
[SourceTitle "EXT 2020"]
[Source "ChessBase"]
[SourceDate "2019.10.17"]
[SourceVersion "1"]
[SourceVersionDate "2019.10.17"]
[SourceQuality "1"]

1. e4 c5 2. Nf3 d6 3. Bb5+ Bd7 4. Bxd7+ Qxd7 5. 0-0 Nf6 6. Re1 Nc6 7. c3 e6 8. d4 cxd4 9. cxd4 d5 10. exd5 Nxd5 11. Nc3 Nxc3 12. bxc3 Bd6 13. Ng5 0-0-0 14. a4 Qc7 15. Qg4 g6 16. Qh3 h6 17. Ne4 Be7 18. Ba3 Rd5 19. Bxe7 Nxe7 20. g3 Nc6 21. Nc5 Rh5 22. Qf1 Nb8 23. Rab1 b6 24. Ne4 Ra5 25. Rb4 Nc6 26. Rc4 Kb8 27. Rb1 Rc8 28. Nc5 Ka8 29. Nb3 Rd5 30. a5 b5 31. Rc5 a6 32. Rxd5 exd5 33. Nc5 Ka7 34. Nxa6 Kxa6 35. Qxb5+ Ka7 36. Qc5+ Ka8 37. Qxd5 Rb8 38. Rb4 Rxb4 39. cxb4 Qb7 40. a6 1-0

[Event "Budapest Karacsonyi op 3rd"]
[Site "Budapest"]
[Date "2011.12.28"]
[Round "2"]
[White "Takacs, Kevin"]
[Black "Konya, Balazs"]
[Result "0-1"]
[WhiteElo "1788"]
[BlackElo "2004"]
[PlyCount "58"]
[EventDate "2011.12.27"]
[EventType "swiss"]
[EventRounds "7"]
[EventCountry "HUN"]
[SourceTitle "EXT 2020"]
[Source "ChessBase"]
[SourceDate "2019.10.17"]
[SourceVersion "1"]
[SourceVersionDate "2019.10.17"]
[SourceQuality "1"]

1. e4 c5 2. Nf3 e6 3. d4 cxd4 4. Nxd4 a6 5. Bd3 Qc7 6. 0-0 Nf6 7. Nc3 b5 8. Re1 d6 9. Bg5 Nbd7 10. a3 Bb7 11. Bh4 Be7 12. Bg3 Ne5 13. Kh1 h5 14. h3 g5 15. Qe2 h4 16. Bxe5 dxe5 17. Nf3 Nh5 18. Nxb5 axb5 19. Bxb5+ Kf8 20. Qc4 Qxc4 21. Bxc4 Bf6 22. b4 Nf4 23. a4 Rg8 24. Nh2 Be7 25. b5 Bb4 26. Reb1 Bc3 27. Ra3 Bd4 28. a5 Bxe4 29. Bd3 Bxg2+ 0-1

[Event "Budapest FS12 FM-B"]
[Site "Budapest"]
[Date "2005.12.13"]
[Round "11"]
[White "Dobos, Otto"]
[Black "Konya, Balazs"]
[Result "0-1"]
[WhiteElo "1891"]
[BlackElo "1929"]
[PlyCount "92"]
[EventDate "2005.12.03"]
[EventType "tourn"]
[EventRounds "11"]
[EventCountry "HUN"]
[SourceTitle "CBM 109 Extra"]
[Source "ChessBase"]
[SourceDate "2006.01.03"]
[SourceVersion "2"]
[SourceVersionDate "2006.01.03"]
[SourceQuality "1"]

1. d4 Nf6 2. Nf3 d5 3. Bf4 c5 4. e3 Nc6 5. c3 e6 6. Bd3 c4 7. Bc2 Be7 8. h3 b5 9. a3 a5 10. Nbd2 Ba6 11. 0-0 0-0 12. e4 dxe4 13. Nxe4 Nd5 14. Bg3 Qb6 15. Bb1 b4 16. Qc2 f5 17. Neg5 Nd8 18. h4 h6 19. Nh3 Nf7 20. Re1 Bf6 21. Ne5 Nxe5 22. dxe5 Be7 23. h5 Qc6 24. Bf4 Bb7 25. f3 Bh4 26. Rd1 b3 27. Qc1 Rad8 28. Rd4 Be7 29. Qf1 Ba6 30. Kh1 Bc5 31. Rd1 Rd7 32. Qe1 Rfd8 33. Qg3 Nxf4 34. Rxd7 Qxd7 35. Bxf5 Nxh3 36. Bxh3 Qd1+ 37. Qe1 Qxe1+ 38. Rxe1 Kf7 39. f4 Rd2 40. f5 exf5 41. Bxf5 Rxb2 42. Rd1 Bxa3 43. Rd7+ Be7 44. Rc7 Bb5 45. Rb7 Bc6 46. Rb6 Bxg2+ 0-1

[Event "Budapest FS12 FM-B"]
[Site "Budapest"]
[Date "2005.12.08"]
[Round "6"]
[White "Kapas, Robert"]
[Black "Konya, Balazs"]
[Result "1-0"]
[WhiteElo "1954"]
[BlackElo "1929"]
[PlyCount "141"]
[EventDate "2005.12.03"]
[EventType "tourn"]
[EventRounds "11"]
[EventCountry "HUN"]
[SourceTitle "CBM 109 Extra"]
[Source "ChessBase"]
[SourceDate "2006.01.03"]
[SourceVersion "2"]
[SourceVersionDate "2006.01.03"]
[SourceQuality "1"]

1. b4 e5 2. Bb2 Bxb4 3. Bxe5 Nf6 4. e3 Nc6 5. Bb2 d5 6. Nf3 0-0 7. c4 Re8 8. cxd5 Nxd5 9. Be2 Qe7 10. 0-0 a6 11. Re1 Bf5 12. Qb3 Rad8 13. a3 Na5 14. Qd1 Bd6 15. d3 Bg6 16. Qa4 Nc6 17. Nbd2 Nb6 18. Qb3 Bf5 19. Rac1 Qd7 20. Nd4 Nxd4 21. Bxd4 Be6 22. Qb2 Na4 23. Qa1 f5 24. Nc4 Bf8 25. Ne5 Qe7 26. Bd1 Nb6 27. a4 Nc8 28. Bc5 Nd6 29. Qb2 Bd5 30. d4 Qe6 31. Ba3 c6 32. f3 b5 33. Bxd6 Qxd6 34. e4 Bc4 35. Nxc4 bxc4 36. Rxc4 Rb8 37. Qc3 Re6 38. Bb3 Qa3 39. Rb4 Qxb4 40. Qxb4 Bxb4 41. Bxe6+ Kf8 42. Rc1 fxe4 43. fxe4 Bd2 44. Rxc6 Be3+ 45. Kf1 Bxd4 46. Rxa6 Rb2 47. Bh3 Ra2 48. a5 Bc3 49. Ra8+ Ke7 50. a6 Bd4 51. Ke1 Kd6 52. Rd8+ Kc5 53. Be6 Rxa6 54. Rd5+ Kc4 55. Rd6+ Kb5 56. Bc4+ Kxc4 57. Rxa6 Kd3 58. Re6 Ke3 59. Re7 Kf4 60. Ke2 Bf6 61. Re8 Bd4 62. Kd3 Bf6 63. Kc4 Ke3 64. e5 Bg5 65. e6 Kf2 66. Rg8 g6 67. Rg7 Kxg2 68. Rxh7 Bf6 69. e7 Bxe7 70. Rxe7 Kxh2 71. Rg7 1-0

[Event "Budapest FS12 FM-B"]
[Site "Budapest"]
[Date "2005.12.04"]
[Round "2"]
[White "Lakat, Gyula"]
[Black "Konya, Balazs"]
[Result "0-1"]
[WhiteElo "1959"]
[BlackElo "1929"]
[PlyCount "142"]
[EventDate "2005.12.03"]
[EventType "tourn"]
[EventRounds "11"]
[EventCountry "HUN"]
[SourceTitle "CBM 109 Extra"]
[Source "ChessBase"]
[SourceDate "2006.01.03"]
[SourceVersion "2"]
[SourceVersionDate "2006.01.03"]
[SourceQuality "1"]

1. d4 Nf6 2. g3 d5 3. Bg2 g6 4. c4 c6 5. Nc3 Bg7 6. cxd5 Nxd5 7. e4 Nxc3 8. bxc3 Qa5 9. Ne2 Nd7 10. 0-0 0-0 11. f4 Nb6 12. h3 Na4 13. Rf3 Rd8 14. Kh2 Be6 15. Qc2 Bc4 16. Ng1 Rac8 17. Bd2 b5 18. Bf1 Nb6 19. f5 Rd7 20. g4 Qa6 21. Ne2 Rcd8 22. Be3 Qb7 23. Nf4 Qc7 24. Kh1 Bxf1 25. Raxf1 Nc4 26. Bg1 Qb7 27. Nd3 Qc8 28. Nc5 Bh6 29. fxg6 fxg6 30. Nxd7 Qxd7 31. R1f2 Qe6 32. Re2 a5 33. a4 Bg5 34. axb5 cxb5 35. d5 Qd7 36. Bd4 Qd6 37. Rg2 Rc8 38. Qf2 Ne5 39. Rf5 gxf5 40. Qxf5 Rf8 41. Qxg5+ Ng6 42. Kg1 Qf4 43. Qxf4 Nxf4 44. Rh2 Nd3 45. Ra2 a4 46. Rd2 Nf4 47. Kh2 Ng6 48. e5 Nh4 49. Kg3 Nf3 50. Rb2 Nxd4 51. cxd4 Rb8 52. d6 exd6 53. exd6 Kf7 54. d5 a3 55. Ra2 b4 56. Kf4 b3 57. Rxa3 b2 58. Ra7+ Ke8 59. Re7+ Kd8 60. Re1 b1Q 61. Rxb1 Rxb1 62. Kg5 Kd7 63. h4 Kxd6 64. h5 Kxd5 65. Kh6 Rb7 66. g5 Ke6 67. g6 hxg6 68. Kxg6 Rb1 69. h6 Rg1+ 70. Kh7 Kf6 71. Kh8 Kg6 0-1

[Event "HUN-ch U18"]
[Site "Miskolc"]
[Date "2004.07.12"]
[Round "8"]
[White "Varga, Peter1111"]
[Black "Konya, Balazs"]
[Result "0-1"]
[WhiteElo "1816"]
[BlackElo "1793"]
[PlyCount "90"]
[EventDate "2004.07.05"]
[EventType "swiss"]
[EventRounds "9"]
[EventCountry "HUN"]
[SourceTitle "EXT 2008"]
[Source "ChessBase"]
[SourceDate "2007.11.25"]
[SourceVersion "1"]
[SourceVersionDate "2007.11.25"]
[SourceQuality "1"]

1. e4 c5 2. Nf3 d6 3. d4 cxd4 4. Nxd4 Nf6 5. Nc3 a6 6. Bg5 e6 7. Be2 Be7 8. 0-0 Qc7 9. Kh1 Bd7 10. f4 Nc6 11. Nxc6 Bxc6 12. Bd3 b5 13. a3 Qb7 14. Qe2 0-0 15. Rae1 Rfe8 16. e5 dxe5 17. fxe5 Nd5 18. Nxd5 Bxg5 19. Nb4 Ra7 20. Nxc6 Qxc6 21. Qh5 Bh6 22. Re2 Rd8 23. Ref2 Rdd7 24. Qh4 Qc8 25. Qe4 g6 26. Rf3 Qd8 27. c3 Bg7 28. Qe3 Qc7 29. Re1 Rd5 30. Qf2 Bxe5 31. Rf1 f6 32. Be4 Rd7 33. Bc2 Ra8 34. Bb3 Re7 35. Re1 Kg7 36. Qe3 Rd8 37. Rh3 Bf4 38. Qf3 Be5 39. Qe3 Bf4 40. Qf3 e5 41. Rf1 Red7 42. Qe4 f5 43. Qb1 Rd2 44. Rd1 Qc6 45. Rf3 Qe4 0-1

[Event "HUN-ch U18"]
[Site "Miskolc"]
[Date "2004.07.11"]
[Round "7"]
[White "Konya, Balazs"]
[Black "Ragyelik, Andras"]
[Result "1/2-1/2"]
[WhiteElo "1793"]
[BlackElo "1807"]
[PlyCount "86"]
[EventDate "2004.07.05"]
[EventType "swiss"]
[EventRounds "9"]
[EventCountry "HUN"]
[SourceTitle "EXT 2008"]
[Source "ChessBase"]
[SourceDate "2007.11.25"]
[SourceVersion "1"]
[SourceVersionDate "2007.11.25"]
[SourceQuality "1"]

1. e4 e5 2. Nf3 Nf6 3. Nxe5 d6 4. Nf3 Nxe4 5. d4 d5 6. Bd3 Bd6 7. 0-0 0-0 8. c4 c6 9. Nc3 Nxc3 10. bxc3 Bg4 11. cxd5 cxd5 12. Rb1 b6 13. Re1 Qf6 14. Be2 Nc6 15. Bg5 Qg6 16. Be3 Bc7 17. Nd2 Bxe2 18. Qxe2 Rfe8 19. Qb5 Qd6 20. Nf1 a6 21. Qd3 Re7 22. Bg5 f6 23. Bh4 b5 24. Bg3 Qd7 25. Bxc7 Qxc7 26. Re3 Rae8 27. Rbe1 Qa5 28. Rxe7 Rxe7 29. Rxe7 Nxe7 30. Qe2 Kf8 31. Qc2 g6 32. g3 Qc7 33. Qb3 Qc4 34. Qa3 Qc8 35. Ne3 Kf7 36. Qd6 Qxc3 37. Qxa6 Qxd4 38. Qxb5 Qa1+ 39. Kg2 Qxa2 40. Qd7 Qd2 41. Nc4 Qe2 42. Nd6+ Kg7 43. Ne8+ Kf7 1/2-1/2

[Event "HUN-ch U18"]
[Site "Miskolc"]
[Date "2004.07.07"]
[Round "3"]
[White "Konya, Balazs"]
[Black "Karolyfalvi, Zoltan"]
[Result "1/2-1/2"]
[WhiteElo "1793"]
[BlackElo "2202"]
[PlyCount "36"]
[EventDate "2004.07.05"]
[EventType "swiss"]
[EventRounds "9"]
[EventCountry "HUN"]
[SourceTitle "EXT 2008"]
[Source "ChessBase"]
[SourceDate "2007.11.25"]
[SourceVersion "1"]
[SourceVersionDate "2007.11.25"]
[SourceQuality "1"]

1. e4 c6 2. d4 g6 3. Bd3 d5 4. exd5 cxd5 5. Bf4 Nf6 6. Ne2 Nc6 7. 0-0 Qb6 8. Nbc3 Bg4 9. Be3 e6 10. Qd2 Bb4 11. a3 Be7 12. b3 Rc8 13. Na4 Qc7 14. Bf4 Bd6 15. Bxd6 Qxd6 16. c3 0-0 17. Ng3 Na5 18. Bc2 Rc7 1/2-1/2